1189 1040 1878 1093 1516 1429 1196 1011 1730 1249 1264 1326 1543 1633 1339 1098 1616 1592 1227 1142 1286 1796 1187 1657 1003 1310 1198 1374 1611 1712 1965 1478 1950 1073 1754 1920 1786 1524 1523 1891 1085 1795 1838 1023 1176 1397 1546 1722 1945 1672 1010 1739 1307 1770 1443 1358 1862 1811 1323 1146 1570 1641 1419 1611 1156 1062 1874 1963 1064 1011 1393 1034 1523 1954 1681 1345 1644 1368 1347 1426 1261 1671 1290 1317 1366 1861 1699 1014 1742 1067 1068 1674 1398 1775 1020 1250 1690 1418 1554 BCNSPRNW ULIB Ver.6.0+V

เปลี่ยนเป็นภาษาไทย

Change to English
 แสดงรายละเอียดบรรณานุกรม
  กลับหน้าหลัก

Brief Record : Get Marc (ISO 2709) : E-mail record : QR code < ปิดหน้าต่าง
LEADER : 00000nam 2200000uu 4500
001    13399111313
003     ULIB
008    110622s2550||||th 000 0 tha d
020    9749333594
020    9789749333594
060 04 QT225^bซ319ค 2550
100 1  ทาร์กอส, ซินดี้
245 10 เคล็ดลับออกกำลังกายลดไขมันรอบเอว =^bErase your waist inminutes a day /^cเขียนโดย ซินดี้ ทาร์กอส ; บรรณาธิการ วาริน นิลศิริสุข
246 31 Erase your waist in minutes a say
250    พิมพ์ครั้งที่ 1
260    กรุงเทพฯ :^bBear Publishing,^c2550
300    155 หน้า :^bภาพประกอบ ;^c21 ซม.
650  7 กายบริหาร
650  7 การออกกำลังกาย
650  7 โภชนาการ
700 0  วาริน นิลศิริสุข,^eบรรณาธิการ
945    ^p0^l0^i14332
995    กัณชพร
999 ^a ใช้งานได้ทุกระบบ
รายการนี้ยังไม่มีแท็ก
คุณยังไม่ได้ล็อกอิน คุณสามารถมีกิจกรรมร่วมกับเว็บไซต์ได้ แต่ต้องล็อกอินก่อน ::
  ล็อกอิน

รายการสื่อสารสนเทศ

ลำดับที่ ประเภท เลขเรียก/บาร์โค้ด สถานที่ สถานะ
- ไม่พบข้อมูล -

รายการใกล้เคียง
    ผู้แต่ง [ทาร์กอส, ซินดี้]

    หัวเรื่อง [กายบริหาร]
    หัวเรื่อง [การออกกำลังกาย]
    หัวเรื่อง [โภชนาการ]

BibComment


ยังไม่เคยถูกคอมเมนท์

คอมเมนท์ทรัพยากรรายการนี้
  คอมเมนท์: เคล็ดลับออกกำลังก..


 Copyright 2026. Bcnsprnw @Library